Catálogo

El hombre y símbolo : (Registro nro. 73116)

Detalles MARC
000 -LEADER
fixed length control field 01021nam a2200301 i 4500
001 - CONTROL NUMBER
control field 41667
003 - CONTROL NUMBER IDENTIFIER
control field Mx-PuUPA
005 - DATE AND TIME OF LATEST TRANSACTION
control field 20250815120915.0
008 - FIXED-LENGTH DATA ELEMENTS--GENERAL INFORMATION
fixed length control field 250815b2011 mx gr 001 0 spa d
020 ## - INTERNATIONAL STANDARD BOOK NUMBER
International Standard Book Number 9780984036813
040 ## - CATALOGING SOURCE
Original cataloging agency Mx-PuUPA
Language of cataloging spa
Transcribing agency Mx-PuUPA
Modifying agency Mx-PuUPA
Description conventions rda
041 0# - LANGUAGE CODE
Language code of text/sound track or separate title spa
100 1# - MAIN ENTRY--PERSONAL NAME
Personal name Beuchot, Mauricio,
Dates associated with a name 1950-
9 (RLIN) 14180
Relator term autor
245 13 - TITLE STATEMENT
Title El hombre y símbolo :
Remainder of title desde una antrolopología analógica /
Statement of responsibility, etc. Mauricio Beuchot
246 13 - VARYING FORM OF TITLE
Title proper/short title El símbolo y el hombre desde un personalismo analógico-icónico
250 ## - EDITION STATEMENT
Edition statement Primera edición /
Remainder of edition statement octubre
264 ## - PRODUCTION, PUBLICATION, DISTRIBUTION, MANUFACTURE, AND COPYRIGHT NOTICE
Place of production, publication, distribution, manufacture México :
Name of producer, publisher, distributor, manufacturer Démeter Ediciones,
Date of production, publication, distribution, manufacture, or copyright notice 2011
300 ## - PHYSICAL DESCRIPTION
Extent 134 páginas ;
Dimensions 21 cm
336 ## - CONTENT TYPE
Fuente rdacontent
Content type term texto
Content type code txt
337 ## - MEDIA TYPE
Source rdamedia
Media type term sin medio
Media type code n
338 ## - CARRIER TYPE
Source rdacarrier
Carrier type term volumen
Carrier type code nc
650 #7 - SUBJECT ADDED ENTRY--TOPICAL TERM
Source of heading or term armarc
Topical term or geographic name entry element Antropología filosófica
650 #7 - SUBJECT ADDED ENTRY--TOPICAL TERM
Source of heading or term armarc
Topical term or geographic name entry element El hombre
650 #7 - SUBJECT ADDED ENTRY--TOPICAL TERM
Source of heading or term armarc
Topical term or geographic name entry element Hermeneútica analógica
942 ## - ADDED ENTRY ELEMENTS (KOHA)
Source of classification or shelving scheme Dewey Decimal Classification
Koha item type Libro
Classification part 121.686
Item part B568
Existencias
Withdrawn status Lost status Source of classification or shelving scheme Damaged status Not for loan Collection code Home library Current library Shelving location Date acquired Source of acquisition Total Checkouts Full call number Barcode Date last seen Price effective from Koha item type
    Dewey Decimal Classification     General Centro de Estudios e Investigaciones en Hermenéutica Analógica Centro de Estudios e Investigaciones en Hermenéutica Analógica Sala general 03/12/2013 Compra   121.686 B568 2011 62825 14/08/2025 03/12/2013 Libro